[Event "AUTO-INT-3165"]
[Site "http://www.queenalice.com/game.php?id=1436996"]
[Date "2016.8.20"]
[Round "1"]
[White "kretin_alan"]
[Black "JCFernandes"]
[Result "1-0"]
[WhiteElo "1532"]
[BlackElo "1249"]

1. d4 h6 2. Nf3 Nc6 3. Bf4 d6 4. e3 a6 5. Nbd2 b5 6. Be2 Bg4 7. h3 Bf5 8. O-O
Nb4 9. c3 Nd3 10. Qb1 Nf6 11. Bxd3 Nd5 12. Bh2 Qd7 13. Bxf5 e6 14. Bd3 Be7 15.
Qc2 f5 16. b4 O-O 17. a4 g5 18. axb5 axb5 19. Ra5 c6 20. e4 fxe4 21. Bxe4 Nb6
22. Ne5 dxe5 23. Bxe5 Nc4 24. Bh7+ Kf7 25. Qg6# 1-0

[Event "AUTO-INT-3165"]
[Site "http://www.queenalice.com/game.php?id=1436997"]
[Date "2016.8.20"]
[Round "1"]
[White "JCFernandes"]
[Black "kretin_alan"]
[Result "0-1"]
[WhiteElo "1282"]
[BlackElo "1562"]

1. e4 c6 2. d4 d5 3. e5 Bf5 4. Qf3 e6 5. Ne2 Bb4+ 6. c3 Ba5 7. b4 Bb6 8. Qg3 g5
9. Bxg5 f6 10. Bh4 Nd7 11. Qg7 Qe7 12. Qxh8 O-O-O 13. Ng3 Bg6 14. Nd2 Rf8 15.
Be2 Nh6 16. Qxf8+ Qxf8 17. O-O fxe5 18. Nf3 Bc7 19. Ng5 Qf4 20. Nxe6 Qxh4 21.
Nxc7 Kxc7 22. b5 Nf7 23. Bf3 exd4 24. cxd4 Qxd4 25. Rac1 Qa4 26. bxc6 Nb6 27.
Bd1 Qxa2 28. Re1 Qa3 29. Bg4 bxc6 30. Be6 Nd8 31. Bf5 a5 32. h3 Kd6 33. Bxg6
hxg6 34. Rb1 Kc5 35. Rbd1 Nc4 36. Ne2 Ne6 37. f4 Qe3+ 38. Kh2 Nxf4 39. Nd4 Qf2
40. Rg1 a4 41. Nf3 Ne3 0-1

[Event "AUTO-INT-3165"]
[Site "http://www.queenalice.com/game.php?id=1437008"]
[Date "2016.8.20"]
[Round "1"]
[White "vangogh"]
[Black "JCFernandes"]
[Result "0-1"]
[WhiteElo "1496"]
[BlackElo "1284"]

1. e4 a6 2. d4 d5 3. e5 f6 4. Nf3 h6 5. h3 Nc6 6. c3 Na5 7. b4 Nc6 8. g4 e6 9.
Qa4 b5 10. Qc2 Nge7 11. a4 f5 12. axb5 Na7 13. bxa6 Bd7 14. c4 g5 15. c5 f4 16.
h4 Rg8 17. h5 Bc6 18. Nc3 Qb8 19. Rb1 Nb5 20. Ra1 Nxc3 21. Qxc3 Nc8 22. Ra5 Na7
23. Qb3 Kf7 24. b5 Bd7 25. b6 cxb6 26. cxb6 Nc6 27. Ra3 Bxa3 28. Bxa3 Na5 29.
Qb4 Nc6 30. Qc5 Rc8 31. Qb5 Rd8 32. Bd6 Qc8 33. b7 Na7 34. Qb6 Qc1+ 35. Ke2 Bb5+
36. Qxb5 Nxb5 37. Bg2 Qc4+ 38. Ke1 Qc1+ 39. Ke2 Qc2+ 40. Nd2 Nxd6 41. bxa8=Q
Rxa8 42. exd6 Ke8 43. Rb1 Rxa6 44. Rb8+ Kd7 45. Rh8 Kxd6 46. Rxh6 Ra2 47. Rh8
Qxd2+ 48. Kf3 Ra3# 0-1

[Event "AUTO-INT-3165"]
[Site "http://www.queenalice.com/game.php?id=1437009"]
[Date "2016.8.20"]
[Round "1"]
[White "JCFernandes"]
[Black "vangogh"]
[Result "0-1"]
[WhiteElo "1256"]
[BlackElo "1473"]

1. e4 e5 2. a3 d5 3. Nc3 d4 4. Nd5 c6 5. Nb4 c5 6. Nd5 Be6 7. Bb5+ Bd7 8. Bc4 b5
9. Bd3 c4 10. Be2 Qg5 11. Bg4 Bxg4 12. f3 Na6 13. d3 Qh4+ 14. g3 Qd8 15. fxg4 g6
16. Nh3 f5 17. Bg5 Be7 18. O-O h6 19. Bd2 fxe4 20. dxe4 Nf6 21. Rf3 Nxe4 22. Nb4
Qb6 23. Nd5 Qc5 24. Nxe7 Kxe7 25. b4 Qd5 26. Nf2 c3 27. Be1 Ng5 28. Rd3 Raf8 29.
Qe2 Nf3+ 30. Kf1 Nxh2+ 31. Kg1 Nf3+ 32. Kg2 Nxe1+ 33. Kf1 Nxd3 34. Qxd3 Qf7 35.
Qxb5 Qxf2# 0-1

[Event "AUTO-INT-3165"]
[Site "http://www.queenalice.com/game.php?id=1437014"]
[Date "2016.8.20"]
[Round "1"]
[White "Jiu_jitsu_BR"]
[Black "JCFernandes"]
[Result "0-1"]
[WhiteElo "1384"]
[BlackElo "1242"]

1. e4 a6 2. d4 h6 3. Bc4 Nf6 4. Qf3 b5 5. Bd3 Nc6 6. c3 e5 7. d5 Na5 8. Bd2 Bc5
9. b4 Bb6 10. bxa5 Bxa5 11. c4 b4 12. Ne2 d6 13. O-O Bg4 14. Qg3 Rb8 15. a3 O-O
16. axb4 Bxb4 17. Bxb4 Rxb4 18. Rxa6 Qd7 19. h3 Nh5 20. Qxg4 Qxg4 21. hxg4 Nf6
22. f3 Nd7 23. Nec3 Nc5 24. Ra7 Nxd3 25. Rxc7 Nb2 26. Nd2 Nd3 27. Rd7 Rb2 28.
Rd1 Nf4 29. Rxd6 f6 30. c5 Rfb8 31. c6 Kf7 32. Rd7+ Ke8 33. Rxg7 Kf8 34. c7 Rc8
35. Rd7 Ke8 36. Rh7 Ng6 37. Nc4 Rb3 38. d6 Nf8 0-1

[Event "AUTO-INT-3165"]
[Site "http://www.queenalice.com/game.php?id=1437015"]
[Date "2016.8.20"]
[Round "1"]
[White "JCFernandes"]
[Black "Jiu_jitsu_BR"]
[Result "1-0"]
[WhiteElo "1264"]
[BlackElo "1362"]

1. e4 e5 2. a3 d5 3. Nc3 d4 4. Nd5 c6 5. Nb4 a5 6. Nd3 Bd6 7. c3 dxc3 8. bxc3
Nf6 9. Qe2 Nbd7 10. g3 Nb6 11. Nf3 Nfd7 12. a4 O-O 13. Bh3 Nc5 14. g4 Nbxa4 15.
Ba3 Qe7 16. O-O Nxd3 17. Qxd3 Bxa3 18. c4 Nb2 19. Qxa3 Qxa3 20. Rxa3 Nxc4 21.
Rc3 b5 22. d3 Nb2 23. Nxe5 Bb7 24. g5 Na4 25. Rc2 c5 26. f3 Rac8 27. Bxc8 Rxc8
28. f4 Nb6 29. Rf3 a4 30. f5 f6 31. gxf6 gxf6 32. Rg3+ Kf8 33. Rh3 fxe5 34. Rxh7
Ba6 35. f6 Kg8 36. Rg7+ Kh8 37. Ra7 Ra8 38. Re7 Rf8 39. f7 1-0

[Event "AUTO-BEG-643"]
[Site "http://www.queenalice.com/game.php?id=1445403"]
[Date "2016.10.12"]
[Round "2"]
[White "julianowagner"]
[Black "JCFernandes"]
[Result "1-0"]
[WhiteElo "1250"]
[BlackElo "1308"]

1. d4 h6 2. c4 d5 3. e3 Nf6 4. Nc3 dxc4 5. Bxc4 Be6 6. Bxe6 fxe6 7. Nf3 Nc6 8.
O-O Qd6 9. Ne5 a6 10. Qc2 Nxe5 11. dxe5 Qxe5 12. Qg6+ Kd7 13. Rd1+ Kc8 14. Qd3
Qg5 15. Qd8# 1-0

[Event "AUTO-BEG-643"]
[Site "http://www.queenalice.com/game.php?id=1445404"]
[Date "2016.10.12"]
[Round "2"]
[White "JCFernandes"]
[Black "julianowagner"]
[Result "0-1"]
[WhiteElo "1268"]
[BlackElo "1373"]

1. e4 d5 2. e5 Nc6 3. d4 e6 4. Nf3 Qe7 5. Bd3 Qb4+ 6. Nbd2 Nxd4 7. c3 Nxf3+ 8.
Nxf3 Qg4 9. g3 f6 10. Bb5+ c6 11. Be2 Qe4 12. Be3 b5 13. O-O Be7 14. Bd4 fxe5
15. Bxe5 Bf6 16. Bd3 Qg4 17. Be2 Qh3 18. Qd4 Bd7 19. Bxf6 Nxf6 20. Ng5 Qh6 21.
Nf3 O-O 22. Ne5 Be8 23. Qc5 Ne4 24. Qd4 c5 25. Qd3 c4 26. Qe3 Qf6 27. Ng4 Qf5
28. f3 Ng5 29. Nf2 Nxf3+ 30. Kg2 Bh5 31. Nh3 Bg4 32. Rad1 Qh5 33. Rd4 Qxh3+ 34.
Kh1 Qxh2# 0-1

[Event "AUTO-BEG-643"]
[Site "http://www.queenalice.com/game.php?id=1445409"]
[Date "2016.10.12"]
[Round "2"]
[White "JCFernandes"]
[Black "Warprincess"]
[Result "0-1"]
[WhiteElo "1285"]
[BlackElo "1537"]

1. e4 e6 2. a3 d5 3. e5 c5 4. Nf3 Nc6 5. c3 Bd7 6. d4 Qb6 7. Ng5 cxd4 8. Qf3
Nxe5 9. Qh5 g6 10. Qh4 dxc3 11. bxc3 Bg7 12. Nxh7 Nc6 13. Be3 Qb2 14. Bd3 Bxc3+
15. Bd2 Bxd2+ 16. Nxd2 Qxa1+ 17. Bb1 Qg7 18. Nf6+ Qxf6 19. Qg3 Nge7 20. O-O Nd4
21. Bd3 Bc6 22. Nf3 Kf8 23. Ne5 Nef5 24. Qf4 Kg7 25. Ng4 Qe7 26. Ne5 Rh4 27. Qc1
Qd6 28. f4 f6 29. Ng4 Rxg4 30. g3 Nxg3 31. hxg3 Rxg3+ 32. Kh1 Rh8# 0-1

[Event "AUTO-BEG-643"]
[Site "http://www.queenalice.com/game.php?id=1445410"]
[Date "2016.10.12"]
[Round "2"]
[White "Warprincess"]
[Black "JCFernandes"]
[Result "1-0"]
[WhiteElo "1470"]
[BlackElo "1288"]

1. e4 a6 2. d4 h6 3. Nf3 d5 4. exd5 Qxd5 5. c4 Qe6+ 6. Be2 Qg4 7. O-O Bf5 8. Re1
f6 9. Ne5 Qg6 10. Nxg6 Bxg6 11. Nc3 1-0

[Event "AUTO-BEG-643"]
[Site "http://www.queenalice.com/game.php?id=1445412"]
[Date "2016.10.12"]
[Round "2"]
[White "Wefferson44"]
[Black "JCFernandes"]
[Result "1-0"]
[WhiteElo "1956"]
[BlackElo "1290"]

1. e4 d5 2. exd5 Qxd5 3. Nc3 Qe5+ 4. Nge2 b6 5. d4 Qd6 6. Bf4 Qb4 7. Qc1 Nf6 8.
Bxc7 Nbd7 9. Bg3 g6 10. a3 Qc4 11. Nf4 Qxd4 12. Nb5 Qe5+ 13. Be2 e6 14. Nh3 Qd5
15. Nc7+ 1-0

[Event "Challenge"]
[Site "http://www.queenalice.com/game.php?id=1448207"]
[Date "2016.11.5"]
[Round "-"]
[White "recchdegomm1"]
[Black "JCFernandes"]
[Result "0-1"]
[WhiteElo "1303"]
[BlackElo "1269"]

1. e4 h6 2. Nf3 a6 3. Nc3 d5 4. g4 Bxg4 5. Bg2 Nf6 6. O-O e5 7. exd5 Bd6 8. d4
e4 9. Nxe4 O-O 10. Rb1 Nxe4 11. a4 Nd7 12. Re1 Re8 13. c4 b6 14. b4 Nc3 15. Qc2
Nxb1 16. Qxb1 Qf6 17. b5 Nf8 18. Re4 Bf5 19. Nd2 Bxe4 20. Nxe4 Qh4 21. h3 Ng6
22. Qc2 f5 23. Nxd6 Re1+ 24. Bf1 cxd6 25. Qc3 Re4 26. Qf3 Re1 27. Qxf5 Rf8 28.
Qc2 Rf3 29. Ba3 Nf4 30. Qf5 Qxf2+ 31. Kh1 Rxf1# 0-1

[Event "AUTO-OPEN-3723"]
[Site "http://www.queenalice.com/game.php?id=1448288"]
[Date "2016.11.5"]
[Round "1"]
[White "mitsho"]
[Black "JCFernandes"]
[Result "1-0"]
[WhiteElo "1785"]
[BlackElo "1277"]

1. d4 h6 2. Nc3 d5 3. e4 c6 4. Nf3 Bg4 5. Be2 Nf6 6. O-O e6 7. Ne5 Bxe2 8. Qxe2
Qc7 9. exd5 Bd6 10. dxe6 fxe6 11. Ne4 O-O 12. Ng6 Bxh2+ 13. Kh1 Rd8 14. Nxf6+
Kf7 15. Ne5+ Kxf6 16. Qf3+ Ke7 17. Qf7+ Kd6 18. Qxc7+ Kxc7 19. Kxh2 g5 20. c3 b5
21. f4 Rf8 22. Be3 g4 23. Nxg4 Nd7 24. Ne5 Nf6 25. a4 Nd5 26. Rf3 Ne7 27. axb5
cxb5 28. g4 h5 29. gxh5 Nf5 30. Bd2 1-0

[Event "AUTO-OPEN-3723"]
[Site "http://www.queenalice.com/game.php?id=1448289"]
[Date "2016.11.5"]
[Round "1"]
[White "JCFernandes"]
[Black "mitsho"]
[Result "0-1"]
[WhiteElo "1275"]
[BlackElo "1787"]

1. e4 c5 2. d4 d6 3. d5 g6 4. Bb5+ Bd7 5. Nc3 Bg7 6. Nge2 Nf6 7. O-O O-O 8. Bg5
Qa5 9. Qd3 a6 10. a3 axb5 11. a4 b4 12. Nb5 Na6 13. Nf4 Nc7 14. Nxc7 Qxc7 15. b3
b5 16. a5 Rxa5 17. Ne2 Ng4 18. Rab1 Ne5 19. Qg3 c4 20. Bxe7 Re8 21. Bg5 cxb3 22.
Qxb3 Qc4 23. Qxb4 Qxb4 24. Rxb4 Nc4 25. Nc3 Bxc3 26. Rb3 Bg7 27. f3 h6 28. Bh4
Nd2 0-1

[Event "AUTO-OPEN-3723"]
[Site "http://www.queenalice.com/game.php?id=1448310"]
[Date "2016.11.5"]
[Round "1"]
[White "JCFernandes"]
[Black "joao37"]
[Result "0-1"]
[WhiteElo "1279"]
[BlackElo "1423"]

1. e4 e5 2. a3 Nf6 3. Nc3 d6 4. h3 Be6 5. d4 exd4 6. Qxd4 c5 7. Qa4+ Bd7 8. Qc4
Be7 9. Nf3 O-O 10. Qb3 b6 11. Bc4 a6 12. O-O b5 13. Bd5 c4 14. Qa2 Ra7 15. Ne2
a5 16. c3 Nxd5 17. exd5 Qb6 18. Ned4 Na6 19. b3 Nc5 20. Nf5 Bxf5 21. g4 Bd3 22.
Re1 cxb3 23. Qb2 Be4 24. Qe2 Nd3 25. Be3 Nf4 26. Bxb6 Nxh3+ 27. Kh2 Ng5 28. Bxa7
Nxf3+ 29. Kg3 Bh4+ 30. Kf4 Nxe1 31. Kxe4 Re8+ 0-1

[Event "AUTO-OPEN-3723"]
[Site "http://www.queenalice.com/game.php?id=1448311"]
[Date "2016.11.5"]
[Round "1"]
[White "joao37"]
[Black "JCFernandes"]
[Result "1-0"]
[WhiteElo "1424"]
[BlackElo "1256"]

1. e4 a6 2. d4 d5 3. Nc3 dxe4 4. Nxe4 Qd5 5. Qe2 Qxd4 6. c3 Qd5 7. c4 Qa5+ 8.
Bd2 Qa4 9. Qf3 f6 10. b3 Qa3 11. Qc3 e5 12. c5 Bf5 13. Bc1 Qxc5 14. Nxc5 Bd6 15.
Nxb7 Ne7 16. Ba3 Nd5 17. Nxd6+ cxd6 18. Qc4 O-O 19. Qxd5+ Kh8 20. Bxd6 Rd8 21.
Qxa8 Nc6 22. Qxc6 1-0

[Event "AUTO-OPEN-3723"]
[Site "http://www.queenalice.com/game.php?id=1448312"]
[Date "2016.11.5"]
[Round "1"]
[White "JCFernandes"]
[Black "jgfmelo"]
[Result "0-1"]
[WhiteElo "1286"]
[BlackElo "1936"]

1. e4 e5 2. a3 Nf6 3. Nc3 d5 4. Nf3 d4 5. Nxe5 dxc3 6. bxc3 Nxe4 7. Qe2 Qd5 8.
Nd3 Be6 9. Nb4 Qf5 10. f3 Nc5 11. d3 Na4 12. g4 Qc5 13. Be3 Qxc3+ 14. Bd2 Qxa1+
15. Kf2 Bc5+ 16. Kg3 Nd7 17. Bg2 Qxa3 18. h3 Bxb4 19. f4 Nc3 20. Qf3 Nd5 21. f5
Bxd2 22. Qe2 Bf4+ 23. Kf3 Ne5+ 24. Kf2 Nc3 25. Qe1 Qc5+ 26. Kf1 Bd7 27. Be4 Nxe4
28. Qxe4 Bg3 0-1

[Event "AUTO-OPEN-3723"]
[Site "http://www.queenalice.com/game.php?id=1448313"]
[Date "2016.11.5"]
[Round "1"]
[White "jgfmelo"]
[Black "JCFernandes"]
[Result "1-0"]
[WhiteElo "1884"]
[BlackElo "1287"]

1. e4 e5 2. Nf3 Bd6 3. d4 Qe7 4. d5 h6 5. c4 Nf6 6. Nc3 Bc5 7. Be3 O-O 8. Bxc5
Qxc5 9. Nxe5 d6 10. Nd3 Qxc4 11. Nf4 Qb4 12. Qc2 Nbd7 13. a3 Qd4 14. Rd1 Qe5 15.
g3 Nxe4 16. Nxe4 Nc5 17. Bd3 Bf5 18. f3 Rfe8 19. O-O Qd4+ 20. Kg2 g5 21. Bb5 Qe5
22. Bxe8 gxf4 23. Bb5 a6 24. Bd3 Qxd5 25. Nf6+ 1-0

[Event "AUTO-INT-3189"]
[Site "http://www.queenalice.com/game.php?id=1448463"]
[Date "2016.11.6"]
[Round "1"]
[White "joao37"]
[Black "JCFernandes"]
[Result "1-0"]
[WhiteElo "1465"]
[BlackElo "1276"]

1. e4 a6 2. d4 d5 3. Nc3 dxe4 4. Nxe4 Nc6 5. Nf3 Bg4 6. Be2 h6 7. d5 Na5 8. Nd4
Qd7 9. Bxg4 Qa4 10. O-O e5 11. b3 Qxd4 12. Qf3 Qxa1 13. a4 Qd4 14. Qf5 Ne7 15.
Qd7# 1-0

[Event "AUTO-INT-3189"]
[Site "http://www.queenalice.com/game.php?id=1448479"]
[Date "2016.11.6"]
[Round "1"]
[White "JCFernandes"]
[Black "mindlessbrain"]
[Result "1-0"]
[WhiteElo "1247"]
[BlackElo "1373"]

1. e4 e5 2. a3 d5 3. Nc3 d4 4. Nd5 Bd6 5. d3 Nf6 6. Bg5 Nbd7 7. Nf3 b6 8. Nh4
O-O 9. Qf3 Be7 10. g3 c5 11. Bh3 Nxd5 12. O-O a5 13. Qh5 g6 14. Qf3 Bxg5 15.
exd5 Bxh4 16. gxh4 Nf6 17. Rfe1 Nxd5 18. Rxe5 1-0

[Event "AUTO-INT-3189"]
[Site "http://www.queenalice.com/game.php?id=1448480"]
[Date "2016.11.6"]
[Round "1"]
[White "mindlessbrain"]
[Black "JCFernandes"]
[Result "0-1"]
[WhiteElo "1352"]
[BlackElo "1268"]

1. e4 a6 2. d4 d5 3. e5 e6 4. Nf3 b5 5. Be3 h6 6. Bd3 Nc6 7. Nbd2 Nb4 8. O-O g5
9. c3 Nxd3 10. b4 Nb2 11. Qc2 Nc4 12. a4 bxa4 13. Nxc4 Bd7 14. Nb2 a5 15. Nxa4
axb4 16. cxb4 Bxb4 17. Nc5 Bc6 18. Qb3 Rb8 0-1

[Event "AUTO-INT-3189"]
[Site "http://www.queenalice.com/game.php?id=1448481"]
[Date "2016.11.6"]
[Round "1"]
[White "JCFernandes"]
[Black "jezmantis"]
[Result "0-1"]
[WhiteElo "1284"]
[BlackElo "1747"]

1. e4 c6 2. Nc3 d6 3. h3 g6 4. d4 Bg7 5. Nf3 h6 6. Be3 e6 7. d5 e5 8. dxc6 bxc6
9. Bc4 Ne7 10. Ne2 O-O 11. O-O d5 12. Nc3 d4 13. Nxd4 exd4 14. Bf4 dxc3 15. Qxd8
Rxd8 16. b3 Na6 17. Be3 Bb7 18. g4 Nc7 19. h4 Ne6 20. g5 c5 21. Bxe6 fxe6 22.
Bxc5 Nc6 23. Rae1 Rd2 24. Rc1 hxg5 25. hxg5 Nd4 26. Bb4 Ne2+ 27. Kh2 Nxc1 28.
Rxc1 Bxe4 29. Bc5 Kf7 30. Be3 Be5+ 0-1